| 000 | 00384nam a22001217a 4500 | ||
|---|---|---|---|
| 999 |
_c1279 _d1279 |
||
| 005 | 20200828093853.0 | ||
| 008 | 200828b ||||| |||| 00| 0 eng d | ||
| 020 | _a0356040062 | ||
| 040 | _cCML | ||
| 245 |
_aScience From Toys Stages 1 & 2 Background. _cRadford, D. |
||
| 260 |
_aLondon _bMacdonald & Co (Publishers) Ltd _c1972 |
||
| 942 |
_2ddc _cBK _e1st Edition _h507 _mRAD |
||